[Event "Cappelle op 16th"]
[Site "Cappelle la Grande"]
[Date "2000.02.19"]
[Round "1"]
[White "Golod, Vitali"]
[Black "Cosma, Ioan"]
[Result "1-0"]
[WhiteElo "2566"]
[BlackElo "2468"]
[Annotator "Golod,V"]
[PlyCount "91"]
[EventDate "2000.02.19"]
[EventType "swiss"]
[EventRounds "9"]
[EventCountry "FRA"]
[SourceTitle "CBM 074 Extra"]
[Source "ChessBase"]
[SourceDate "2000.03.10"]
[SourceVersion "2"]
[SourceVersionDate "2000.03.10"]
[SourceQuality "1"]

1. d4 d5 2. c4 e6 3. Nf3 Nf6 4. Nc3 c6 5. e3 Nbd7 6. Qc2 Bd6 7. Bd3 O-O 8. O-O
h6 $5 9. b3 $5 {It's main line.Besides,white has four options:} (9. Rd1 $5 {
See comments toTsesarsky,I-Erenburg,S/ Petah-Tikva,1999/CBM 71(0-1) (Tsesarsky,
I)(60)}) (9. Bd2 $5) (9. e4) ({and} 9. h3) 9... Re8 $5 ({Other possibilities
are:} 9... b6 $5 {See comments to Gelfand,B-Lautier,J/ Malmoe,1999/CBM 72 (1-0)
(Gelfand,B)(27)}) ({and} 9... Qe7) 10. Bb2 dxc4 $5 $146 {This novelty much
better,than:} (10... e5 $6 11. cxd5 cxd5 (11... Nxd5 $143 12. Nxd5 cxd5 13.
dxe5 Nxe5 14. Be2 (14. Nxe5 $5) 14... Bd7 15. Rfd1 Bc6 16. Bd4 $14 {Holst,
P-Lehn,J/DEN,1976(1/2-1/2)(40)}) 12. Nb5 (12. dxe5 $143 Nxe5 13. Nxe5 Bxe5 14.
h3 Bd7 15. Rac1 Rc8 $11 {Kauppila,O-Linqvist,G/FIN,1999(1-0)(44)}) 12... Bb8
13. dxe5 Nxe5 14. Nxe5 Bxe5 15. Rac1 Bxb2 16. Qxb2 $14 {Timoshchenko,
G-Bazilevitch,J/Hlohovec, 1998(1-0)(66)}) ({Also was checked in the previous
game:} 10... Qe7 11. e4 (11. Rad1 $5) 11... dxc4 (11... dxe4 12. Nxe4 Nxe4 13.
Bxe4 Nf6 14. Bd3 $14) 12. Bxc4 e5 $13 {Tondivar,B-Rooda,K/NLD-sf,1994(1-0)(26)}
) 11. bxc4 $140 e5 {Black's idea is: Qe7 and e4} 12. h3 ({Probably better:} 12.
Rad1 Qe7 13. Bf5 {with slight advantage of white.} (13. Nh4 $5 {[%cal Gh4f5]}))
12... Qe7 13. Nh4 {[%cal Gh4f5]} Nf8 ({Pretty dubious:} 13... Qe6 {because of:}
14. d5 $1 cxd5 15. cxd5 Nxd5 16. Bh7+ $1 Kh8 $140 17. Bf5 Qf6 {[%csl Rh4]} (
17... Nb4 $2 18. Bxe6 $1 (18. Qd2 $6 Qe7 19. Nb5 $44) 18... Nxc2 19. Bxf7 $16)
18. Ne4 Qe7 19. Qd3 $36) ({Very perilously:} 13... g6 {in view of:} 14. Bxg6 $1
fxg6 15. Qxg6+ Kh8 $8 (15... Qg7 $2 16. Qxg7+ Kxg7 17. Nf5+) (15... Kf8 $2 16.
Nf5 {[%csl Rd6,Rf8][%cal Gg6g7,Gf5d6,Gf5e7]}) 16. Nf5 Qf8 17. Nxd6 (17. Nxh6 $6
Re7 18. Nf5 Rh7 $13) 17... Qxd6 18. Qxh6+ Kg8 19. Qg6+ $40) (13... e4 $2 {
is refuted by:} 14. Nf5 Qe6 15. Nxe4 $18) 14. Nf5 ({It deserves attention:} 14.
Bf5 Be6 $5 (14... g6 $5) (14... e4 $143 15. Bxc8 Raxc8 16. Nf5 Qd7 17. Nxd6
Qxd6 {+/=/=}) 15. Bxe6 Qxe6 16. Nf5 Bb8 $13) 14... Bxf5 15. Bxf5 exd4 $5 ({
Also can be recommended:} 15... e4 $5 16. f3 exf3 17. Rxf3 Ne6 $13 {[%csl Re3]}
) (15... g6 $143 16. Bd3 e4 17. Be2 Bc7 18. Rfd1 Qd6 19. g3 $14) 16. exd4 g6 ({
A little better to first:} 16... Ba3 $5 17. Rae1 $140 Qb4 {[%csl Rb2,Rc4]} (
17... Qxe1 $4 18. Bxa3 {[%csl Re1]} g6 $8 19. Rxe1 Rxe1+ 20. Kh2 gxf5 21. Qxf5
$16) 18. Bxa3 (18. Ba1 $2 Qxc4 19. Bd3 Qb4 20. Rb1 Qe7 {[%csl Rb7,Ye7][%cal
Ye7b7] =/+/-/+}) 18... Qxa3 $11) 17. Bd3 Ba3 18. Rae1 $5 {Differently,after:} (
18. Bxa3 Qxa3 19. Rab1 Re7 {black gets at the least equal position.} (19... Qe7
$5)) 18... Qxe1 ({Senselessly:} 18... Qb4 $2 {because of:} 19. Ba1 $14) 19.
Rxe1 Rxe1+ 20. Kh2 $13 {[%mdl 1024]} Bxb2 ({Quite illogically:} 20... Bd6+ 21.
g3 Ree8 (21... Ne6 $2 22. Ne2 $16 {[%csl Re1][%cal Gb2c3]} (22. Qd2 $2 Nxd4 {
[%csl Rd2,Rh2][%cal Gd4f3]} 23. Kg2 Re6 24. Qxh6 Rd8 $15)) 22. Qd2 $36) 21.
Qxb2 Re7 {[%csl Rb7,Ye7][%cal Ye7b7]} ({Weakly:} 21... b6 {because of:} 22. Qd2
{[%csl Re1,Rh6]} (22. Ne2 $5 Re8 $140 $6 (22... Rd8 $142 $14) 23. Qd2 Rf1 (
23... Ra1 $2 24. Nc1 $16 {[%csl Ra1][%cal Gd2b2]}) 24. Nc3 Rfe1 25. Be2 {
[%csl Re1,Rh6]} Ra1 26. Bd1 $1 $16 {[%cal Gd2b2]} (26. Qxh6 $5)) 22... Re6 (
22... Re7 $143 23. Qxh6 Rd8 24. Qf4 Re6 {+/=/+/-} (24... Kg7 25. d5 cxd5 26.
cxd5 $16 Nxd5 $140 $4 27. Qd4+ $18 {[%csl Rd5,Rd8,Rg7]})) 23. Qxh6 Rd8 24. Qh4
Red6 $14) 22. d5 cxd5 ({Probably could be recomended:} 22... Rd8 $5 23. Qa3 {
[%csl Ra7,Re7]} Red7 24. Qxa7 cxd5 25. cxd5 Nxd5 26. Nxd5 Rxd5 27. Bc4 (27. Be4
$6 Rb5 $15) 27... R5d7 $11) 23. cxd5 a6 $6 ({Black easily equalizes after:} 
23... Rd8 24. Qa3 $140 Rc7 25. Nb5 Rcd7 26. Qxa7 Nxd5 27. Bc4 $11) 24. d6 Rd7
25. Na4 {[%csl Rb6,Rf6][%cal Ga4b6]} Rxd6 ({Badly:} 25... Nd5 {in view of:} 26.
Nc5 Rxd6 27. Qxb7 Rad8 28. Bxa6 $14) 26. Qxb7 Rad8 27. Bxa6 $14 ({Senselessly:
} 27. Bc4 $6 {because of:} Ne6) ({Unexpectedly leads white to bad position:} 
27. Nc5 $2 {in view of:} N8d7 $1 {[%csl Rb7,Rd3,Gd6,Gd8]} (27... Rxd3 $2 28.
Nxd3 Rxd3 29. Qxa6 Rd2 30. Qxf6 Rxa2 $11) (27... N6d7 $2 28. Bc4 {[%csl Rg8]}
Nxc5 $140 $4 29. Qxf7+ Kh8 30. Qg8#) 28. Bc4 $5 (28. Nxd7 $143 R6xd7 29. Qf3 (
29. Qxa6 $4 Rd6 $19 {[%csl Ra6,Rd3,Gd6]}) 29... Rxd3 30. Qxf6 a5 $17 {_|_})
28... Nxc5 29. Qxf7+ Kh8 30. Qxg6 Nh7 31. Qf5 {=/+/-/+}) 27... R8d7 28. Qc8 Rd8
29. Qb7 R8d7 30. Qc8 Rd8 {For black is better to repeat moves,than go to
another position!} 31. Qc4 (31. Qb7 $143 $11) 31... Rd2 32. Nc5 $1 {[%csl Yc5]
[%cal Yc5e6]} Rxf2 33. Bb7 {[%csl Yb7,Rg2][%cal Yb7g2]} Rd1 $2 {Decisive
mistake.} ({It is necessary:} 33... Rdd2 $1 34. a4 $140 Rc2 {[%csl Rc5]} 35.
Qb4 Rb2 $11) 34. a4 Rff1 {Black's idea is:35...Nh5 and 36...Rh1(עh2)} 35. Bf3
{[%csl Yf3]} Rh1+ 36. Kg3 Rc1 37. Qd4 $16 Nh5+ 38. Bxh5 gxh5 39. Ne4 $40 {
[%mdl 128]} Nh7 ({Impossibly:} 39... Rhd1 $2 {because of:} 40. Nf6+ Kh8 $8 (
40... Kg7 $4 41. Ne8+ Kg6 42. Qf6+ Kh7 43. Qg7#) 41. Qf4 Kg7 (41... h4+ $144
42. Qxh4 Kg7 43. Ne8+ Kh7 (43... Kg8 44. Qxh6 Ne6 45. Nf6#) 44. Qf6 $18) 42.
Ne8+ Kg8 43. Qxh6 Ne6 44. Nf6#) 40. Qd8+ Kg7 41. Qd4+ $6 ({Better is straight
away:} 41. Nd6) 41... Kg8 $6 ({More stubborn resistance after:} 41... f6 $5)
42. Qd8+ Kg7 43. Nd6 {[%csl Rg7][%cal Gd6f5,Gd6e8]} Rc3+ $6 ({Loses right away:
} 43... Rc5 $2 44. Qe7 {[%csl Rc5,Rf7][%cal Gd6e8]} Rg5+ (44... Ng5 45. Ne8+
Kh7 (45... Kh8 $4 46. Qf6+ Kg8 47. Qg7#) (45... Kg8 $144 46. Nf6+) 46. Nf6+ {
[%csl Yf6][%cal Yf6e4]} Kg6 47. Qxc5 Kxf6 48. Qc6+ {[%csl Ga4]} Ne6 49. a5 $18)
45. Kf2 Rd1 46. Qxf7+ Kh8 47. Qe8+ Kg7 $8 48. Qe7+ Kg8 49. Qe6+ $18 {[%csl Gd6,
Ge6,Rg8]}) ({and} 43... Rhf1 $2 44. Ne8+ Kg6 (44... Kg8 45. Nf6+ Kg7 46. Nxh5+
Kg6 47. Qg8+ Kf5 (47... Kxh5 $4 48. Qg4#) 48. Qxh7+ $18) 45. Qd3+ f5 (45... Rf5
$2 46. Nd6 $18) (45... Kg5 $4 46. h4#) 46. Qd7 $1 {[%csl Rg6,Rh7][%cal Gd7g7]}
f4+ 47. Kh4 Ng5 48. Qe7 {[%csl Rg6][%cal Ge7f6]} Rc6 49. Qg7+ Kf5 50. Qd7+ Re6
51. Ng7+ $18) ({Is a possible continuation of the play:} 43... Ng5 44. Ne8+ Kh7
(44... Kg8 45. Nf6+ Kg7 46. Nxh5+ Kg6 47. Nf4+ Kg7 48. Qd4+ Kg8 49. h4 $16) 45.
Qd3+ Kg8 46. Nf6+ Kf8 (46... Kg7 47. Nxh5+ Kg8 48. Qd4 Ne6 (48... Rc3+ $2 49.
Kg4 $18 {[%csl Rc3,Rg8]}) 49. Qf6 $16) 47. Qd6+ Kg7 48. Nxh5+ Kh7 49. Qd4 $16)
44. Kh4 $1 {[%csl Rg7]} Rf1 $2 {Last mistake.} (44... Ng5 $8 45. Kxh5 $1 (45.
Nf5+ Kh7 {[%csl Rh4][%cal Gc3h3]} 46. Kxh5 $16) (45. Ne8+ $2 Kh7 {[%csl Rh4]
[%cal Gh1h3]} (45... Kg6 $4 46. Qf6+ Kh7 47. Qg7#) 46. Kxh5 $8 (46. Nf6+ $4 Kg6
47. Nxh5 (47. Qg8+ Kf5 $19 {[%csl Rh4][%cal Gh1h3]} (47... Kxf6 $4 48. Qh8+ {
[%csl Rc3]})) 47... Rhxh3+ $1 48. gxh3 Rxh3+ 49. Kg4 f5+ 50. Kf4 Rf3+ 51. Ke5
Nf7+ $19 {[%csl Rd8,Re5]}) 46... Nxh3 47. Nf6+ Kg7 48. Ne8+ Kh7 $11) 45... Ne6
(45... Rc5 $2 46. Ne8+ Kh7 47. Qd3+ Ne4+ $8 (47... Kg8 48. Kxh6 $18) 48. Kh4
Re1 (48... f5 $2 49. Qd7+ Kg6 50. Qg7#) 49. Nf6+ Kg6 50. Nxe4 $18) 46. Nf5+ Kh7
47. Qf6 Rc7 48. Qxh6+ Kg8 49. Qf6 {+/-/+-}) ({Also loses:} 44... Nf8 $2 45.
Nf5+ Kg8 (45... Kg6 46. Ne7+ $18 {[%csl Rc3,Rf8]}) 46. Qf6 Ng6+ (46... Ne6 $143
47. Ne7+ Kf8 48. Ng6+ Kg8 (48... Ke8 49. Qe7#) 49. Qh8#) 47. Kxh5 Nf4+ 48. Kg4
$18) 45. Ne8+ ({After:} 45. Nf5+ $2 {black has a easy draw:} Rxf5 $1 (45... Kg6
$4 46. Ne7+ Kg7 (46... Kf6 47. Nd5+) 47. Qg8+ Kf6 48. Nd5+ $18) 46. Qd4+ Nf6
47. Qxc3 Rf4+ 48. Kg3 Rxa4 $11) 45... Kg6 (45... Kg8 $144 46. Nf6+ Kg7 47.
Nxh5+ Kg6 48. Qg8+) 46. Qd4 $1 (46. Qd4 {[%csl Rc3,Rh7][%cal Gd4g7]} Nf6 47.
Nxf6 $18) 1-0

[Event "USA-ch"]
[Site "Saint Louis"]
[Date "2015.04.03"]
[Round "3"]
[White "So, Wesley"]
[Black "Sevian, Samuel"]
[Result "0-1"]
[WhiteElo "2788"]
[BlackElo "2531"]
[Annotator "Gormally,D"]
[PlyCount "82"]
[EventDate "2015.04.01"]
[EventType "tourn"]
[EventRounds "11"]
[EventCountry "USA"]
[EventCategory "16"]
[SourceTitle "CBM 166"]
[Source "ChessBase"]
[SourceDate "2015.05.11"]
[SourceVersion "1"]
[SourceVersionDate "2015.05.11"]
[SourceQuality "1"]

1. Nf3 d5 2. d4 Nf6 3. c4 e6 4. Nc3 c6 5. e3 Nbd7 6. Qc2 Bd6 7. Bd3 O-O 8. O-O
dxc4 9. Bxc4 b5 10. Bd3 Bb7 11. a3 Rc8 {Lately this stuff has been scoring
quite well for Black.} 12. Ng5 ({It has been known for a while that the
attempt to shut down on Black's queenside activity with the move} 12. b4 {
can be met in any case by} c5 $1 {I wonder if such a move is a product of
computers. It's hard to believe a human would conceive of such a crazy looking
idea. White's last move was clearly played to prevent c5 but Black plays it
anyway!} 13. bxc5 Bxf3 14. gxf3 {The most popular try.} (14. cxd6 {is an
important alternative although I'm not convinced this leads to anything more
than equality for White.} Nd5 $1 (14... Ng4 $6 {Has yet to be tested.} 15. h3
Qg5 {on the face of it seems to give Black excellent counterplay.} {However
there is the forcing line} 16. Bxh7+ $1 (16. e4 Ne3 17. fxe3 Rxc3 18. Qf2 Bxg2
19. Qxg2 Qxg2+ 20. Kxg2 Rxd3 {is less convincing for White, although he
retains his strong d-pawn}) 16... Kh8 17. Be4 Nge5 $1 18. Bxf3 (18. g3 $2 Rxc3
$1) 18... Nxf3+ 19. Kh1 Nh4 20. g3 Nf5 21. Qd3 Nxd6 22. e4 Qh5 23. Kg2 {
when White is a pawn up for not much compensation.}) 15. gxf3 Nxc3 16. f4 Nf6
17. Bb2 {Sasikiran,K (2680)-Najer,E (2646) Bilbao 2014, with fairly unclear
play.}) 14... Nxc5 $1 {This is the clever idea; Black's pressure along the
c-file means he will inevitably win back material} 15. dxc5 Rxc5 16. f4 Nd5 17.
Bb2 Nxc3 18. Bxc3 Qc7 19. Rfc1 Rc8 20. Bxh7+ Kh8 21. Bd3 Rxc3 22. Qxc3 Qxc3 23.
Rxc3 Rxc3 24. Bxb5 {Topalov,V (2752)-Kasimdzhanov,R (2684) London 2012, with a
drawish ending.}) 12... c5 13. Bxh7+ {This is Wesley's attempt to improve on
existing theory, although he admitted in the post-game interview with Maurice
Ashley that he perhaps didn't prepare it as well as he should have.} (13. Nxh7
{was the alternative of Aronian in a now famous game against Anand, but he ran
into a fantastic combination, apparently concieved by Vishy on an African
safari:} Ng4 14. f4 cxd4 15. exd4 Bc5 $3 16. Be2 Nde5 $3 17. Bxg4 Bxd4+ 18. Kh1
Nxg4 19. Nxf8 f5 $1 20. Ng6 Qf6 21. h3 Qxg6 22. Qe2 Qh5 23. Qd3 Be3 {0-1 (23)
Aronian,L (2802)-Anand,V (2772) Wijk aan Zee 2013}) 13... Kh8 14. f4 {White is
committed now.} (14. Bd3 Bxh2+ 15. Kxh2 Ng4+ {is hardly what the doctor
ordered.}) 14... g6 15. Bxg6 fxg6 16. Nxb5 Qe7 $2 ({It was better to play the
immediate} 16... Bb8 $1 {which would most likely transpose to the game.} {
Sevian was most likely worried about allowing the additional possibility of}
17. Nxe6 {but after} Qe7 18. Nxf8 Nxf8 {this hardly seems to work out well for
White.}) 17. Qxg6 ({Missing the much stronger} 17. Nxd6 $1 Qxd6 18. Qxg6 {
with the threat of e4, Rf3 and a quick mate.} Qe7 19. e4 Qg7 20. Qxg7+ Kxg7 21.
Nxe6+ Kf7 22. Nxf8 Rxf8 23. e5 {and White just has too many pawns.}) 17... Bb8
18. dxc5 Rxc5 19. Nd4 Rg8 20. Qh6+ Nh7 {White has to be slightly careful now
as even though Black's king remains exposed, all his pieces are actively
placed and ready for a counter-attack. With his next move Wesley seeks to
blunt the scope of the bishop on b7.} 21. e4 $1 (21. Ndxe6 $2 Rc6) 21... Ndf6
22. b4 Rcxg5 {Rather forced.} (22... Rcc8 23. Bb2 {looks rather fearful for
Black.}) 23. fxg5 Be5 24. Bb2 Ng4 {The critical moment of the game.} 25. Qh5 $4
{Perhaps tired by having to calculate mind-boggling calculations for most of a
short game, Wesley produces a huge blunder. In general Wesley was out of form
in the US championships and described it as a nightmare tournament. Funnily
enough after the game Wesley didn't seem to think he was better at any real
point but the computer disagrees.} ({It gives a large advantage for White after
} 25. Qh3 $1 Rxg5 (25... Qxg5 $2 26. Nxe6 ({but not the hasty} 26. Rf7 $2 Qe3+
$1) 26... Qg6 27. Bxe5+ Nxe5 28. Nc5 {and White retains control}) (25... Nxh2
$2 26. Nc6 $1) 26. Rac1 $1 {and although the game remains complicated White
should be much better - it is difficult for Black to create any meaningful
threats.} Kg8 $1 {is probably the most stubborn defence, as this usefully gets
out of the pin on the h-file.} ({The greedy} 26... Nxh2 {enables White to
execute the winning blow} 27. Nc6 ({the tempting} 27. Rc7 $2 {only leads to a
draw after} Qxc7 28. Nxe6 Qb6+ 29. Kh1 Nxf1 30. Nxg5 Ng3+ 31. Kh2 Nf1+ $11)
27... Bxc6 28. Bxe5+ Rxe5 29. Qxh2 $18) (26... Bxd4+ 27. Bxd4+ e5 28. Bc5 {
and the rook gains access to f8.}) (26... Bxh2+ 27. Kh1 Be5 28. Nf3 Bxb2 29.
Nxg5 Bxc1 (29... Qxg5 30. Rc7 Bg7 31. Rf8+) 30. Rf8+ $1 (30. Rf7 $2 Nf2+ $1)
30... Kg7 31. Qxh7+ Kxf8 32. Qh8#) (26... Bxe4 $2 27. Rc8+ Kg7 28. Nxe6+ $1
Qxe6 29. Rc7+ {is one good example of the latent energy stored in the White
position.}) 27. Rc5 $1 Nhf6 28. Rxe5 Rxe5 29. Rxf6 $1 Qxf6 30. Qxg4+ Qg5 31.
Qxg5+ Rxg5 32. Nxe6 Rg4 {which should be close to a draw but finding this
defence over the board is near to impossible.}) 25... Qxg5 $1 {After this
trivial capture the game turns around completely as with the exchange of
queens not only is Black no longer in any danger, in fact he is simply winning
as all his minor pieces combine beautifully to form mating nets around the
threadbare white king.} 26. Qh3 Qe3+ 27. Qxe3 Nxe3 28. Rf2 Ng5 29. Kh1 Nc4 $2 {
Black is still winning after this, because his advantage in activity is
overwhelming.} ({However he could have ended the game immediately with} 29...
Nxe4 30. Re2 Rxg2 $3 31. Rxg2 (31. Rxe3 Nf2#) 31... Nf2+ 32. Kg1 Nh3+ 33. Kh1
Bxg2#) 30. Bc3 Nxe4 31. Rf7 Nxc3 32. Rxb7 Bxd4 33. Rf1 Rg7 34. Rb8+ Kh7 35. g3
e5 36. Rff8 Ne3 37. h4 Ne4 38. Rh8+ Kg6 39. h5+ Kg5 40. h6 Rf7 41. h7 Rf1+ $1 {
Wesley said afterwards that Ray Robson had warned him before the game;
apparently "Sevian was very good at mating his opponents"  And finally he
proves it as now it's mate by force, so Wesley resigned.} 0-1

[Event "Hoogovens op"]
[Site "Wijk aan Zee"]
[Date "1993.01.??"]
[Round "12"]
[White "Akopian, Vladimir Eduardovic"]
[Black "Gurevich, Mikhail"]
[Result "1/2-1/2"]
[WhiteElo "2615"]
[BlackElo "2610"]
[Annotator "Gurevich,M"]
[PlyCount "40"]
[EventDate "1993.01.??"]
[EventType "swiss"]
[EventRounds "12"]
[EventCountry "NED"]
[SourceTitle "CBM 034"]
[Source "ChessBase"]
[SourceDate "1993.06.01"]
[SourceVersion "1"]
[SourceVersionDate "1993.06.01"]
[SourceQuality "1"]

1. d4 d5 2. Nf3 Nf6 3. c4 c6 4. Nc3 e6 5. e3 Nbd7 6. Qc2 Bd6 7. Be2 O-O 8. O-O
dxc4 9. Bxc4 Qe7 10. a3 e5 11. h3 Bb8 12. Ba2 h6 13. Nh4 Rd8 14. Nf5 Qe8 15.
Ne4 $5 {TN /\16.Nd6} (15. Ne2 {-Karpov,An-Chernin,A Tilburg1992}) 15... Nxe4
16. Qxe4 Nf8 (16... Nf6 $2 17. Nxh6+ gxh6 (17... Kf8 18. Qh4 $18) 18. Qg6+ $18)
17. Bd2 $5 exd4 $5 $10 (17... Bxf5 18. Qxf5 exd4 19. exd4 Rxd4 20. Bc3 $40) 18.
Qxe8 Rxe8 19. Nxd4 Ne6 20. Nxe6 Bxe6 1/2-1/2

[Event "Linares zt"]
[Site "Linares"]
[Date "1995.??.??"]
[Round "9"]
[White "Gurevich, Mikhail"]
[Black "Wells, Peter K"]
[Result "1/2-1/2"]
[WhiteElo "2585"]
[BlackElo "2545"]
[Annotator "Gurevich,M"]
[PlyCount "49"]
[EventDate "1995.11.??"]
[EventType "swiss"]
[EventRounds "11"]
[EventCountry "ESP"]
[SourceTitle "CBM 051"]
[Source "ChessBase"]
[SourceDate "1996.04.01"]
[SourceVersion "1"]
[SourceVersionDate "1996.04.01"]
[SourceQuality "1"]

1. c4 {Gagarin} e6 2. Nc3 d5 3. d4 c6 4. e3 Nf6 5. Nf3 Nbd7 6. Qc2 Bd6 7. Be2
O-O 8. O-O dxc4 9. Bxc4 Qe7 10. a3 e5 11. h3 Bc7 12. Ba2 h6 (12... exd4 {
Gagarin} 13. exd4 Qd6 14. Bg5 Nb6 15. Rae1 Nbd5 16. Re5 Be6 17. Rfe1 $14 {
Gurevich,M-Petursson,M/Moscow/1987/1:0/51/}) 13. Nh4 Re8 (13... exd4 {Gagarin}
14. Nf5 (14. exd4 Qd6 15. Nf3 Nb6 $14) 14... Qe5 15. f4 Qe8 16. exd4 $14 (16.
Nxd4 {/\ e4/} Nc5 17. Ncb5 Bb6 18. Nd6 Qd8 19. Nc4 Nce4 (19... Bc7 $6 20. Ne5)
20. Nxb6 Qxb6 $10)) 14. Nf5 Qf8 15. dxe5 $5 {TN} (15. d5 e4 $5 16. dxc6 bxc6
17. Nb5 Bb8 $1 18. Qxc6 Ne5 19. Qxa8 Bxf5 $44 {Stohl,I-Rogers,I/Brno/1991/0,5/
61/}) (15. Ne2 {Gagarin} Nb6 (15... exd4 $5) 16. dxe5 (16. Nxh6+ $5 gxh6 17.
Qg6+ Qg7 18. Bxf7+ Kf8 19. Bxe8 Nxe8 20. Qxg7+ Kxg7 21. dxe5 Bxe5 22. f4 $14 {
/\ e4/}) 16... Rxe5 17. Neg3 $14 {Epishin,V-Akopian,V/Novosibirsk/1993/0,5/37/}
) (15. Nb5 {Gagarin} Bb8 16. Bd2 a5 17. dxe5 $14 {Karpov,An-Anand,V/Brussels 
(m/8)/1991/1:0/32/}) (15. Bd2 {Gagarin}) 15... Bxe5 (15... Nxe5 16. Ng3 $1 $36
{(/\17.f4,18.e4)} (16. Rd1 {Gagarin} Qc5 $5 {/\ Nf3/} (16... Be6 17. Bxe6 $14)
17. Ng3 Be6 18. b4 $14) (16. Bd2 $2 Bxf5 $1 17. Qxf5 Qd6 18. Rfd1 $8 Nd3 $1 19.
Rab1 Qh2+ 20. Kf1 Nf4 $1 $19) (16. Ne2 $5 $14)) (15... Rxe5 16. f4 Re8 17. e4
Nc5 18. e5 $16) 16. Ne2 $1 {(/\17.f4 Bc7 18.Neg3,19.e4->>>)} (16. Nxh6+ $6 {
Gagarin} gxh6 17. Qg6+ Kh8 18. Qxf7 Qxf7 19. Bxf7 Rf8 20. Ba2 Nc5 $15) (16. Nh4
{Gagarin} Nb6 $1 (16... Bc7 17. Rd1 $14) 17. Ng6 Qc5 18. Nxe5 Qxe5 19. Rd1 Bf5
$10) 16... Nc5 $5 (16... Qc5 $6 17. Nxh6+ $1 gxh6 18. Qg6+ Kh8 19. Bxf7 $40) (
16... Nb6 $5 {Gagarin}) 17. Nfd4 {[/\18.b4,19.Bb2;/\18.f3,19.e4]} (17. Nxh6+ $6
gxh6 18. f4 (18. Qg6+ Qg7 (18... Kh8 19. Bxf7 Re7 $17) 19. Bxf7+ Kf8 20. Bxe8
Nxe8 $13) 18... Bc7 (18... Qg7 $1 {Gagarin} 19. fxe5 Rxe5 $13) (18... Nce4 $6
19. fxe5 Rxe5 20. b4 $36 {/^a1-h8/}) 19. Qg6+ Qg7 20. Bxf7+ Kf8 21. Qxg7+ (21.
Bxe8 Nb3 22. Rb1 Nxe8 23. Qxg7+ Kxg7 24. e4 $14) 21... Kxg7 22. Bxe8 Nxe8 23.
b4 Nd3 24. Bd2 Nf6 25. Bc3 Bb6 $132) 17... Bc7 (17... Nce4 $5 {Gagarin} 18. Rd1
(18. f3 Ng3 19. Nxg3 Bxg3 $13) 18... Qe7 19. b4 a5 $132) 18. b4 (18. f3 $6 Qd6
$132) (18. Rd1 {Gagarin} Qe7 $10) 18... Qd6 (18... Nce4 19. f3 Ng5 (19... Qd6
$1 {Gagarin} 20. Nf4 (20. fxe4 $2 Qh2+ 21. Kf2 Bxh3 22. Rg1 Nxe4+ 23. Kf1 Bg4
$44 {->/}) 20... Ng5 21. Rd1 Qe5 $1 $13 {/\ Ne6/} (21... Qe7 $2 22. Nxc6 $1
bxc6 23. Ng6 $16)) 20. e4 $14) 19. Nf4 $1 Nce4 (19... Ne6 20. Ndxe6 Bxe6 21.
Rd1 Qe7 22. Nxe6 $16) 20. Rd1 {[/\21.Nde6]} Qe5 (20... Qe7 $2 21. Nxc6 $1 bxc6
22. Ng6 Bh2+ 23. Kxh2 Qc7+ 24. Kg1 $16) (20... Qf8 21. f3 (21. Ng6 Qd6 22. Nf3
Nd5 23. Nf4 $14) 21... Ng3 22. e4 $14) 21. Bb2 {>< Qe5/} Qg5 $8 22. Nf3 (22.
Bxf7+ $6 Kxf7 23. Qc4+ Nd5 $8 (23... Kf8 24. Nfe6+ $18) (23... Ke7 24. Nf3 $1
Qf5 25. Nh4 $18) 24. Nf3 (24. Nxc6 bxc6 25. Nxd5 Be6 26. Qxc6 Bd6 $13) 24...
Bxf4 $1 (24... Qe7 25. Rxd5 $1 cxd5 26. Nxd5 $16) 25. Nxg5+ Bxg5 26. b5 Re6 $13
(26... Nd6 27. Qc5 Ne4 $13)) (22. Qb3 $1 {Gagarin} Rf8 (22... Nd6 23. Nf3 Qf5
24. Rxd6 $1 $18) (22... Re7 23. Nf3 Qf5 24. Nh4 Qg5 25. Nhg6 Re6 $8 26. Rac1 $1
$16) 23. Nf3 Qb5 (23... Qf5 24. Nh4 Qb5 25. Nhg6 $16) 24. a4 Qa6 (24... Qf5 25.
Nh4 Qg5 26. Nhg6 $16) 25. Be5 $16 {>< Qa6/}) 22... Qf5 23. Nd4 (23. g4 $6 Nxg4
24. Nh4 Qg5 25. Bxf7+ Kxf7 26. Qc4+ Re6 $1 (26... Be6 27. Rd7+ Kg8 28. Nxe6
Bh2+ 29. Kf1 Nxe3+ 30. fxe3 Qg1+ 31. Ke2 Qf2+ 32. Kd1 $18) 27. Nxe6 Bh2+ (27...
Bxe6 28. Rd7+ Kf8 29. Bxg7+ (29. Qxe6 Nxe3+ $19) 29... Qxg7 30. Rxg7 Bxc4 31.
Rxc7 (31. Rxg4 Bd5 $13) 31... Ngxf2 $13) 28. Kf1 Nxe3+ 29. fxe3 Qg1+ 30. Ke2
Qf2+ 31. Kd3 Bxe6 $40) 23... Qg5 (23... Qh7 {Gagarin} 24. Qc4 $1 (24. Qb3 Re7)
24... Nd6 (24... Re7 25. Nxc6 $1 bxc6 26. Qxc6 Rb8 27. Qxc7 $1 $18) 25. Qb3 $16
{/\ Bb1 >< Qh7/}) 24. Nf3 $138 (24. Qb3 $1 $16 {Gagarin}) 24... Qf5 25. Nd4 (
25. Qc4 $1 Be6 $8 (25... Re7 26. Nh4 Qb5 27. Nhg6 Rd7 28. Rxd7 Qxc4 29. Rxc7 $1
$18) 26. Nxe6 Rxe6 27. Rac1 $14) 1/2-1/2